| 000 | 00342nam a22001457a 4500 | ||
|---|---|---|---|
| 020 | _qPB. | ||
| 040 | _cFIZZA ISHAQ | ||
| 082 |
_a006.6 _bJOH |
||
| 100 |
_aHUGHES,F.JOHN. _9111037 |
||
| 245 |
_aCOMPUTER GRAPHICS / _cJOHN F.HUGHES. |
||
| 250 | _a3RD ED. | ||
| 260 |
_aNEW DELHI ; _bPEARSON, _c2019. |
||
| 300 | _a1209 P. ; | ||
| 942 |
_2ddc _cBK |
||
| 999 |
_c594044 _d594044 |
||